banner koha

Variacao no crescimento de pos-larvas de Penaeus japonicus em funcao da oferta de diferentes alimentos naturais [camarao] (Registro n. 334325)

MARC details
000 -LÍDER
campo de controle de tamanho fixo 01195naa a22002897a 4500
001 - NÚMERO DE CONTROLE
campo de controle BR8205680
003 - IDENTIFICADOR DO NÚMERO DE CONTROLE
campo de controle BR-BrBNA
005 - DATA E HORÁRIO DA ÚLTIMA TRANSAÇÃO
campo de controle 20250721143212.0
007 - CAMPO FIXO DE DESCRIÇÃO FÍSICA--INFORMAÇÃO GERAL
campo de controle de tamanho fixo ta
008 - CAMPO DE DADOS FIXOS--INFORMAÇÃO GERAL
campo de controle de tamanho fixo 250630b bl.|||m| |||| 00| 0 por d
040 ## - FONTE DA CATALOGAÇÃO
Instituição da catalogação original BR-BrBNA
Idioma da catalogação por
Instituição que transcreveu o registro Biblioteca Nacional de Agricultura
041 ## - CÓDIGO DE IDIOMA
Código do idioma do texto/trilha sonora ou título diferente (Pt)
072 ## - CÓDIGO DE CATEGORIA DE ASSUNTO
Código de Categoria de Assunto M40
Código do objeto 8310
090 ## - NÚMERO DE CHAMADA LOCAL
Número de chamada M40 BR8205680
100 1# - ENTRADA PRINCIPAL--NOME PESSOAL
Nome pessoal Nascimento, I.A.
100 1# - ENTRADA PRINCIPAL--NOME PESSOAL
Nome pessoal Souza, T.P.F. de
100 1# - ENTRADA PRINCIPAL--NOME PESSOAL
Nome pessoal Pereira, S.A.
111 1# - ENTRADA PRINCIPAL--NOME DO EVENTO
Nome do evento ou lugar 1. Simposio Brasileiro sobre Cultivo de Camarao
Local do evento Natal, RN (Brazil)
Data do evento ou assinatura do tratado 14 Sep 1981
245 1# - TÍTULO
Título Variacao no crescimento de pos-larvas de Penaeus japonicus em funcao da oferta de diferentes alimentos naturais [camarao]
490 ## - TÍTULO DA SÉRIE
Título da série Documentos - Empresa de Pesquisa Agropecuaria do Rio Grande do Norte S.A. (Brazil)
Número do volume ou designação sequencial da série no. 4
ISSN - International Standard Serial Number ISSN 0101-3025
500 ## - NOTA GERAL
Nota geral Anais do 1. Simposio Brasileiro sobre Cultivo de Camarao<br/>Natal, RN (Brasil): 1982. p. 377-390 [11 ref.; Summaries (En, Pt)]<br/>(BR8205680-AMS)<br/>
650 ## - ASSUNTO--TERMO TÓPICO
Cabeçalho tópico ou nome geográfico CAMARAO
650 ## - ASSUNTO--TERMO TÓPICO
Cabeçalho tópico ou nome geográfico NUTRICAO
773 0# - ENTRADA ANALÍTICA
Título Anais do 1. Simposio Brasileiro sobre Cultivo de Camarao
Número de controle do registro M40 BR8205680
Partes relacionadas Natal, RN (Brasil), 1982. p. 377-390
942 ## - ELEMENTOS DE ENTRADA ADICIONADOS (KOHA)
Tipo de material Koha Analítica de Monografia Seriada
Fonte da classificação ou esquema de arquivamento na estante Classificação AGRIS
909 ## -
-- 202506
-- Lúcia
-- 55
-- Lúcia Elande
Exemplares
Situação do descarte Fonte da classificação ou esquema de arquivamento na estante Situação física Não pode ser emprestado Coleção Biblioteca de origem Biblioteca atual Total de empréstimos Número de telefone completo Data de último acesso Número do exemplar Tipo de material Koha Situação das perdas Data de aquisição Fonte de aquisição
  Classificação AGRIS       Biblioteca Nacional de Agricultura - Binagri Biblioteca Nacional de Agricultura - Binagri   A01 BR2015001869 30/06/2025 01 Analítica de Monografia Seriada   2025-06-30 Portaria Interministerial nº 164/94

BINAGRI

Telefone: (61)3218-2567/2388/3357/2097 - binagri@agro.gov.br

Ministério da Agricultura e Pecuária , Esplanada dos Ministérios, Bloco D, Anexo B, Brasília/DF, CEP: 70.043-900